A settlement of memory : A novel
It is also the beginning of the odyssey of Tom Vincent storekeeper, book lover, telegrapher, fisherman, farmer, healer, union organizer, politician and visionary.
Guardat en:
| Autor principal: | |
|---|---|
| Format: | Llibre |
| Idioma: | Undetermined |
| Publicat: |
Canada
Killuck
1999
|
| Matèries: | |
| Etiquetes: |
Afegir etiqueta
Sense etiquetes, Sigues el primer a etiquetar aquest registre!
|
| Thư viện lưu trữ: | Trung tâm Học liệu Trường Đại học Cần Thơ |
|---|
| LEADER | 00720nam a2200217Ia 4500 | ||
|---|---|---|---|
| 001 | CTU_41470 | ||
| 008 | 210402s9999 xx 000 0 und d | ||
| 082 | |a 813.54 | ||
| 082 | |b R631 | ||
| 100 | |a Rodgers, Gordon | ||
| 245 | 2 | |a A settlement of memory : | |
| 245 | 2 | |b A novel | |
| 245 | 0 | |c Gordon Rodgers | |
| 260 | |a Canada | ||
| 260 | |b Killuck | ||
| 260 | |c 1999 | ||
| 520 | |a It is also the beginning of the odyssey of Tom Vincent storekeeper, book lover, telegrapher, fisherman, farmer, healer, union organizer, politician and visionary. | ||
| 650 | |a Canadian fiction ( english ) | ||
| 650 | |y 20th century | ||
| 904 | |i Nguyễn Quang Điền | ||
| 980 | |a Trung tâm Học liệu Trường Đại học Cần Thơ | ||